GENDER, SCHOOL AND SOCIETY (Record no. 17157)

MARC details
000 -LEADER
fixed length control field 00299nam a22001337a 4500
003 - CONTROL NUMBER IDENTIFIER
control field SGT
020 ## - INTERNATIONAL STANDARD BOOK NUMBER
International Standard Book Number 978-93-858-7281-5
082 ## - DEWEY DECIMAL CLASSIFICATION NUMBER
Classification number 377
Item number VIN
100 ## - MAIN ENTRY--PERSONAL NAME
Personal name TRIVEDI, VINOTI OJHA
245 ## - TITLE STATEMENT
Title GENDER, SCHOOL AND SOCIETY
260 ## - PUBLICATION, DISTRIBUTION, ETC. (IMPRINT)
Place of publication, distribution, etc U.P.
Name of publisher, distributor, etc AGARWAL PUB
Year of Publication 2019
300 ## - PAGE DESCRIPTION
No. of Pages 340
942 ## - ADDED ENTRY ELEMENTS (KOHA)
Source of classification or shelving scheme Dewey Decimal Classification
Koha item type Books
942 ## - ADDED ENTRY ELEMENTS (KOHA)
-- 5
Holdings
Withdrawn status Lost status Source of classification or shelving scheme Damaged status Not for loan Collection code Home library Current library Shelving location Date acquired Vendor Name Cost, normal purchase price SGTU Total Checkouts Full call number Accession No. (Barcode) Date last seen Date last borrowed Bill Date Koha item type
    Dewey Decimal Classification     EDUCATION SGT Engineering Library SGT Engineering Library Text Book 20/03/2019 ABC 310.00 SGTU 1 377 VIN ED3426 08/01/2026 07/01/2026 28/02/2019 Books
    Dewey Decimal Classification     EDUCATION SGT Engineering Library SGT Engineering Library Text Book 20/03/2019 ABC 310.00 SGTU 4 377 VIN ED3427 04/12/2021 20/11/2021 28/02/2019 Books
    Dewey Decimal Classification     EDUCATION SGT Engineering Library SGT Engineering Library Text Book 20/03/2019 ABC 310.00 SGTU 5 377 VIN ED3428 21/12/2021 14/12/2021 28/02/2019 Books
    Dewey Decimal Classification     EDUCATION SGT Engineering Library SGT Engineering Library Text Book 20/03/2019 ABC 310.00 SGTU 5 377 VIN ED3429 21/12/2021 14/12/2021 28/02/2019 Books
    Dewey Decimal Classification     EDUCATION SGT Engineering Library SGT Engineering Library Text Book 20/03/2019 ABC 310.00 SGTU 3 377 VIN ED3430 14/08/2021 02/08/2021 28/02/2019 Books